[Event "Copa Plaza Lama 2009"]
[Site "?"]
[Date "2009.10.02"]
[Round "6"]
[White "Duarte, Martires"]
[Black "Vega, Lemay"]
[Result "0-1"]
[WhiteElo "2175"]
[BlackElo "2321"]
[PlyCount "102"]
[EventDate "2009.10.12"]
[SourceDate "2009.10.12"]

1. d4 Nf6 2. Nf3 g6 3. g3 Bg7 4. Bg2 O-O 5. O-O d6 6. c4 Nc6 7. Nc3 Rb8 8. d5
Na5 9. Qd3 c5 10. e4 a6 11. Nd2 b5 12. f4 Ng4 13. Nd1 Bd7 14. h3 bxc4 15. Qc2
Bd4+ 16. Kh1 Ne3 17. Nxe3 Bxe3 18. Rf3 Bd4 19. Rb1 e6 20. dxe6 Bxe6 21. Ra3 f5
22. Nf3 Bf6 23. e5 dxe5 24. fxe5 Be7 25. Bd2 c3 26. Bxc3 Nc4 27. Rxa6 Bc8 28.
Ra7 Be6 29. Rd1 Qe8 30. Qc1 f4 31. gxf4 Rd8 32. Rxd8 Qxd8 33. b3 Nb6 34. Ba5
Re8 35. Ra6 Bd5 36. Rxb6 Qa8 37. Qd1 Bxf3 38. Qxf3 Qxa5 39. Qd5+ Kf8 40. Rb7
Qe1+ 41. Kh2 Qf2 42. Qf3 Qd4 43. a4 Rd8 44. a5 c4 45. Qe4 Qf2 46. Qxc4 Rd2 47.
Qc8+ Rd8 48. Qg4 Bc5 49. Rd7 Qg1+ 50. Kg3 Qe1+ 51. Kh2 Bg1+ 0-1

[Event "Copa Plaza Lama 2009"]
[Site "?"]
[Date "2009.10.03"]
[Round "7"]
[White "Montes de Oca, Alexis"]
[Black "Gomez, Jose"]
[Result "1-0"]
[WhiteElo "2260"]
[BlackElo "2156"]
[PlyCount "141"]
[EventDate "2009.10.12"]
[SourceDate "2009.10.12"]

1. e4 c5 2. Nf3 d6 3. d4 cxd4 4. Nxd4 Nf6 5. Nc3 a6 6. Bg5 e6 7. f4 h6 8. Bh4
Qb6 9. Qd2 Nc6 10. Nb3 Be7 11. O-O-O Qc7 12. Bxf6 gxf6 13. f5 Bd7 14. Bd3 O-O-O
15. Ne2 Kb8 16. Nf4 Rc8 17. Kb1 Qb6 18. Rhe1 Nb4 19. a3 Nxd3 20. Qxd3 Ba4 21.
fxe6 fxe6 22. Ng6 Bxb3 23. cxb3 Rhe8 24. Nxe7 Rxe7 25. Qxd6+ Qxd6 26. Rxd6 Rc5
27. Rd8+ Ka7 28. Rf8 Rh5 29. h3 Rg7 30. Re2 f5 31. Rf6 Rg3 32. Rxe6 fxe4 33.
Ka2 Rb5 34. b4 h5 35. R6xe4 Rbg5 36. R4e3 Rxg2 37. Rxg2 Rxg2 38. Re5 Rg3 39.
Rxh5 Rf3 40. Rh6 b5 41. h4 Rh3 42. h5 Kb7 43. Rh8 Ka7 44. h6 Kb7 45. Kb1 Rh1+
46. Kc2 Rh2+ 47. Kc3 Rh3+ 48. Kd4 Rh4+ 49. Ke5 Rh5+ 50. Kf6 Rh2 51. Kg6 Rg2+
52. Kh7 Rxb2 53. Rg8 Rb3 54. Rg7+ Kc6 55. Rg6+ Kd5 56. Rxa6 Rg3 57. Kh8 Kc4 58.
h7 Rg4 59. Ra7 Rg5 60. Rg7 Rd5 61. Rg4+ Kb3 62. Kg7 Rd7+ 63. Kh6 Rd6+ 64. Rg6
Rd8 65. Rg8 Rd6+ 66. Kg5 Rd5+ 67. Kf6 Rd1 68. h8=Q Rf1+ 69. Ke5 Re1+ 70. Kd4
Rd1+ 71. Kc5 1-0

[Event "Copa Plaza Lama 2009"]
[Site "?"]
[Date "2009.10.03"]
[Round "7"]
[White "Vega, Lemay"]
[Black "Rodriguez, Jose"]
[Result "0-1"]
[WhiteElo "2321"]
[BlackElo "2209"]
[PlyCount "78"]
[EventDate "2009.10.12"]
[SourceDate "2009.10.12"]

1. e4 c5 2. Nf3 d6 3. Bb5+ Bd7 4. a4 Nc6 5. d4 cxd4 6. Nxd4 Nf6 7. Nc3 g6 8.
O-O Bg7 9. Re1 O-O 10. Nb3 Ne5 11. h3 Rc8 12. Bxd7 Nfxd7 13. Nd5 e6 14. Ne3 Nf6
15. Ng4 Nfxg4 16. hxg4 Qh4 17. Bf4 Nxg4 18. Bg3 Qh5 19. c3 Be5 20. f4 Bxc3 21.
Re2 Bxb2 22. Rxb2 Rc3 23. Qe1 Re3 24. Qxe3 Nxe3 25. Re1 Ng4 26. Rc2 Rd8 27. Rc7
d5 28. e5 d4 29. Nd2 b6 30. Ne4 Qf5 31. Rc6 Ne3 32. Nd6 Qg4 33. Ne4 Qf5 34. Nd6
Qd3 35. Bf2 h5 36. Rcc1 f6 37. Bxe3 dxe3 38. Nc4 e2 39. Kf2 Rd4 0-1

[Event "Copa Plaza Lama 2009"]
[Site "?"]
[Date "2009.10.03"]
[Round "7"]
[White "Ramirez, Carlos"]
[Black "Subervi, Jonathan"]
[Result "0-1"]
[WhiteElo "2236"]
[BlackElo "2232"]
[PlyCount "76"]
[EventDate "2009.10.12"]
[SourceDate "2009.10.12"]

1. e4 e5 2. Nf3 Nc6 3. d4 exd4 4. Nxd4 Nf6 5. Nxc6 bxc6 6. e5 Qe7 7. Qe2 Nd5 8.
c4 Nb6 9. b3 a5 10. Bb2 a4 11. f4 axb3 12. axb3 Rxa1 13. Bxa1 Qb4+ 14. Nd2 Qa5
15. Qd1 Bb4 16. Bd4 O-O 17. Bd3 d6 18. Be3 dxe5 19. O-O f5 20. fxe5 Qxe5 21.
Rf3 f4 22. Bxb6 cxb6 23. h3 Rd8 24. Qc2 Qd4+ 25. Kh2 Bc5 26. Qb1 h6 27. Bh7+
Kh8 28. Rd3 Qf6 29. Ne4 Qe7 30. Nxc5 bxc5 31. Rxd8+ Qxd8 32. Qe4 Qd6 33. Bg6
Bd7 34. Qd3 Qxd3 35. Bxd3 g5 36. Kg1 Kg7 37. Kf2 Kf6 38. Be2 Bf5 0-1

[Event "Copa Plaza Lama 2009"]
[Site "?"]
[Date "2009.10.03"]
[Round "7"]
[White "Flaquer, Luis"]
[Black "Duarte, Martires"]
[Result "1-0"]
[WhiteElo "2269"]
[BlackElo "2175"]
[PlyCount "107"]
[EventDate "2009.10.12"]
[SourceDate "2009.10.12"]

1. e4 c6 2. Nc3 d5 3. Nf3 d4 4. Ne2 c5 5. c3 Nc6 6. cxd4 cxd4 7. Qa4 b5 8. Qxb5
Bd7 9. a3 Rb8 10. Qg5 h6 11. Qg3 Rb3 12. e5 g5 13. d3 Rxd3 14. Neg1 Rb3 15. Bc4
Rb8 16. Ne2 Qa5+ 17. Bd2 Qb6 18. O-O Bg7 19. Nexd4 Nxd4 20. Nxd4 Rc8 21. Qd3
Bxe5 22. Nf3 Bg7 23. Bxf7+ Kxf7 24. Qxd7 Qe6 25. Qxa7 Bxb2 26. Rab1 Bf6 27.
Rfe1 Qd5 28. Bb4 g4 29. Rbd1 Qf5 30. Nd4 Qd5 31. Ne6 Qa8 32. Qb6 h5 33. Nc7 Qb8
34. Qe6+ Kg7 35. Nd5 Rd8 36. Nxf6 exf6 37. Rd7+ Rxd7 38. Qxd7+ Kg6 39. Re8 Qf4
40. g3 Qc4 41. Rc8 Qe4 42. Qe8+ Qxe8 43. Rxe8 Kf7 44. Rb8 h4 45. a4 Rh5 46. a5
Rd5 47. gxh4 Rd1+ 48. Kg2 Ra1 49. Rb6 Ra4 50. a6 Kg6 51. h5+ Kf7 52. Bc3 Ne7
53. Rxf6+ Ke8 54. h6 1-0

[Event "Copa Plaza Lama 2009"]
[Site "?"]
[Date "2009.10.03"]
[Round "8"]
[White "Rodriguez, Jose"]
[Black "Flaquer, Luis"]
[Result "1-0"]
[WhiteElo "2209"]
[BlackElo "2289"]
[PlyCount "159"]
[EventDate "2009.10.12"]
[SourceDate "2009.10.12"]

1. c4 Nf6 2. Nc3 e6 3. e4 c5 4. e5 Ng8 5. Nf3 Nc6 6. Nb5 a6 7. Nd6+ Bxd6 8.
exd6 Nh6 9. d4 cxd4 10. Bd2 Nf5 11. c5 Nh4 12. Ng5 Qf6 13. f4 Qf5 14. Rc1 h6
15. Nf3 Ng6 16. g3 e5 17. Bc4 e4 18. O-O O-O 19. Ne5 e3 20. Bd3 Qf6 21. Ng4 Qd8
22. Be1 f5 23. Qc2 fxg4 24. Bxg6 Qf6 25. Bd3 b5 26. Qe2 Bb7 27. Qxg4 Qf7 28. a4
Qd5 29. Qg6 Ne7 30. Qh7+ Kf7 31. c6 Bxc6 32. Rxc6 Rh8 33. dxe7 Rxh7 34. Bg6+
Kxe7 35. Bb4+ Kd8 36. Ba5+ Ke7 37. Bb4+ d6 38. Rxd6 Qxd6 39. Bxd6+ Kxd6 40.
Bxh7 bxa4 41. Rd1 Kc5 42. Kf1 Rb8 43. Rc1+ Kd5 44. Rc2 g5 45. Ke2 g4 46. Bf5 h5
47. Bg6 Rb6 48. Bd3 a5 49. Bc4+ Ke4 50. Bd3+ Kd5 51. Kd1 a3 52. bxa3 Rb1+ 53.
Ke2 Rh1 54. Bg6 Rxh2+ 55. Kd3 Rh3 56. Be4+ Kd6 57. Rg2 h4 58. gxh4 e2+ 59. Kd2
Rxa3 60. Rxe2 Rh3 61. Bg2 Rxh4 62. Kd3 g3 63. Ke4 Kc5 64. Rc2+ Kb4 65. Rd2 a4
66. Rxd4+ Kb3 67. Kf3 a3 68. Kxg3 Rh5 69. Rd3+ Kb2 70. Bd5 Kc2 71. Rxa3 Rxd5
72. Re3 Kd2 73. Re8 Kd3 74. Kg4 Kd4 75. f5 Ra5 76. Kg5 Kd5 77. f6 Kd6+ 78. Kg6
Ra1 79. f7 Rg1+ 80. Kh5 1-0

[Event "Copa Plaza Lama 2009"]
[Site "?"]
[Date "2009.10.03"]
[Round "8"]
[White "Jimenez, Dario"]
[Black "Montes de Oca, Alexis"]
[Result "1/2-1/2"]
[WhiteElo "2107"]
[BlackElo "2260"]
[PlyCount "165"]
[EventDate "2009.10.12"]
[SourceDate "2009.10.12"]

1. c4 e5 2. Nc3 Nf6 3. Nf3 Nc6 4. d4 e4 5. Ne5 Bb4 6. Nxc6 dxc6 7. Qb3 Be7 8.
e3 O-O 9. Qc2 Re8 10. Bd2 c5 11. d5 Bd6 12. g3 Qe7 13. Bg2 Bf5 14. Ne2 Ng4 15.
Bc3 Be5 16. Bd2 Bf6 17. O-O Ne5 18. Bc3 g6 19. Bxe5 Qxe5 20. Nc3 h5 21. Rad1 h4
22. d6 cxd6 23. Rd5 Qe6 24. Rfd1 Bxc3 25. Rxd6 Qxc4 26. bxc3 Qb5 27. Rb1 Qa5
28. Rxb7 Rad8 29. Rxd8 Qxd8 30. g4 Bxg4 31. Bxe4 Bd1 32. Qd3 Qg5+ 33. Kf1 Bg4
34. Qd5 Qf6 35. f3 Be6 36. Qxc5 Rd8 37. Qe7 Qxe7 38. Rxe7 Rd1+ 39. Ke2 Rh1 40.
Rxa7 Rxh2+ 41. Kd3 Bxa2 42. c4 Bb1+ 43. Kd4 Bxe4 44. Kxe4 h3 45. Ra1 Re2 46.
Kd3 Rg2 47. c5 h2 48. Rh1 Kf8 49. f4 Ke7 50. Ke4 Ke6 51. Kf3 Rc2 52. e4 Rc3+
53. Kf2 Rc4 54. Kf3 f5 55. exf5+ Kxf5 56. Rxh2 Rxf4+ 57. Ke3 Rc4 58. Rf2+ Ke6
59. Rg2 Kf6 60. Rf2+ Kg7 61. Kf3 Rxc5 62. Kg4 Rc1 63. Rg2 Rc4+ 64. Kg5 Rc5+ 65.
Kg4 Rf5 66. Rd2 Rf1 67. Rg2 Kf6 68. Rg3 Rf2 69. Rg1 g5 70. Ra1 Rg2+ 71. Kf3 Rb2
72. Kg4 Rb4+ 73. Kg3 Kf5 74. Rf1+ Kg6 75. Rf8 Rb1 76. Rg8+ Kf6 77. Rf8+ Kg7 78.
Ra8 Rg1+ 79. Kf2 Rg4 80. Kf3 Rf4+ 81. Kg3 Rb4 82. Ra6 Rf4 83. Ra8 1/2-1/2

[Event "Copa Plaza Lama 2009"]
[Site "?"]
[Date "2009.10.03"]
[Round "8"]
[White "Gomez, Jose"]
[Black "Vega, Lemay"]
[Result "0-1"]
[WhiteElo "2156"]
[BlackElo "2321"]
[PlyCount "104"]
[EventDate "2009.10.12"]
[SourceDate "2009.10.12"]

1. c4 Nf6 2. g3 g6 3. Bg2 Bg7 4. Nc3 O-O 5. d4 d6 6. Nf3 Nc6 7. h3 Rb8 8. O-O
a6 9. a3 b5 10. cxb5 axb5 11. d5 Na5 12. Nd4 Bd7 13. Qd3 Qc8 14. Kh2 c5 15. Nc2
h6 16. Bf4 Nh5 17. Be3 Nb3 18. Rab1 Nf6 19. Bf4 Kh7 20. g4 c4 21. Qd1 g5 22.
Bg3 h5 23. f3 Rh8 24. Kg1 Kg8 25. e4 Nh7 26. Re1 Be5 27. Bf2 Nf8 28. Ne3 Ng6
29. Nf5 hxg4 30. fxg4 Bxf5 31. exf5 Nf4 32. Re3 Nc5 33. Rf3 Ncd3 34. Be3 b4 35.
axb4 Rxb4 36. Ne2 Qb7 37. Nxf4 gxf4 38. Bd2 Rxb2 39. Rxb2 Qxb2 40. Bf1 Qd4+ 41.
Kg2 Nb2 42. Qc2 Qxd5 43. Be2 Kg7 44. Bxf4 Bxf4 45. Qxb2+ Be5 46. Qa2 Rc8 47.
Qa7 Qe4 48. Bf1 Ra8 49. Qf2 Rb8 50. Qe3 Rb2+ 51. Kh1 Rh2+ 52. Kg1 Bd4 0-1

[Event "Copa Plaza Lama 2009"]
[Site "?"]
[Date "2009.10.03"]
[Round "8"]
[White "Subervi, Jonathan"]
[Black "Duarte, Martires"]
[Result "1/2-1/2"]
[WhiteElo "2232"]
[BlackElo "2175"]
[PlyCount "110"]
[EventDate "2009.10.12"]
[SourceDate "2009.10.12"]

1. e4 c6 2. d4 d5 3. exd5 cxd5 4. c4 Nf6 5. Nc3 g6 6. Qb3 Nbd7 7. Be2 Bg7 8.
cxd5 Nb6 9. Bf3 O-O 10. Nge2 Bf5 11. a4 a5 12. Nf4 Rc8 13. h4 Re8 14. O-O Bg4
15. Bxg4 Nxg4 16. Be3 Nxe3 17. fxe3 Nc4 18. Ne4 Qb6 19. Qxb6 Nxb6 20. b3 Red8
21. Rac1 h6 22. g4 Rxc1 23. Rxc1 Rc8 24. Rc5 g5 25. hxg5 hxg5 26. Nxg5 Rxc5 27.
dxc5 Nd7 28. c6 bxc6 29. dxc6 Nb6 30. Nf3 Kf8 31. b4 axb4 32. a5 Nc8 33. Nd5
Bc3 34. Kf1 Na7 35. c7 Ke8 36. Ke2 Kd7 37. Nxc3 bxc3 38. Ne5+ Kxc7 39. Nxf7 Kd7
40. Kd3 Nc6 41. a6 Nb4+ 42. Kxc3 Nxa6 43. Kc4 Ke6 44. Nh6 Kf6 45. Nf5 Kg5 46.
Nxe7 Kxg4 47. Nd5 Kf5 48. Kd4 Nb8 49. e4+ Ke6 50. Nf4+ Ke7 51. Kd5 Nd7 52. Ng6+
Kf7 53. Kd6 Nf6 54. Nh8+ Kg7 55. e5 Ng4 1/2-1/2

[Event "Copa Plaza Lama 2009"]
[Site "?"]
[Date "2009.10.04"]
[Round "9"]
[White "Duarte, Martires"]
[Black "Rodriguez, Jose"]
[Result "0-1"]
[WhiteElo "2175"]
[BlackElo "2209"]
[PlyCount "86"]
[EventDate "2009.10.12"]
[SourceDate "2009.10.12"]

1. Nf3 c5 2. g3 Nc6 3. Bg2 g6 4. O-O Bg7 5. c3 d5 6. d4 cxd4 7. cxd4 Bg4 8. e3
Qd7 9. Nc3 Nf6 10. a3 O-O 11. Qa4 Rfd8 12. b4 Ne4 13. Qb3 Nxc3 14. Qxc3 Bxf3
15. Bxf3 Rac8 16. Qd2 e5 17. Bb2 Qf5 18. Bg2 Nxd4 19. exd4 Rc2 20. Qd1 Rxb2 21.
dxe5 Bxe5 22. Rc1 b6 23. Rc6 h5 24. h4 Kg7 25. Bf3 Ra2 26. Qb3 Rb2 27. Qd1 Kh7
28. Re1 Bg7 29. Kg2 Rd7 30. Qa4 Bd4 31. Rf1 Re7 32. Qb5 Re1 33. Rc7 Rxf1 34.
Qxf1 Rxf2+ 35. Qxf2 Bxf2 36. Kxf2 a6 37. a4 Kg7 38. Kg2 Qd3 39. Rb7 Qc2+ 40.
Kf1 Qc4+ 41. Kg1 Qxb4 42. Rd7 Qb1+ 43. Kg2 Qc2+ 0-1

[Event "Copa Plaza Lama 2009"]
[Site "?"]
[Date "2009.10.04"]
[Round "9"]
[White "Flaquer, Luis"]
[Black "Gomez, Jose"]
[Result "1-0"]
[WhiteElo "2289"]
[BlackElo "2156"]
[PlyCount "65"]
[EventDate "2009.10.12"]
[SourceDate "2009.10.12"]

1. e4 c5 2. Nf3 Qc7 3. Nc3 e5 4. Bc4 h6 5. Nb5 Qb6 6. Nxe5 d5 7. exd5 Bd6 8.
Qh5 Bxe5 9. Qxe5+ Kf8 10. Nc7 Nf6 11. Nxa8 Qb4 12. Qxb8 g6 13. Qf4 Kg7 14. O-O
Nxd5 15. Qe5+ Nf6 16. b3 Re8 17. Qc3 Qxc3 18. dxc3 Bf5 19. Nc7 Rd8 20. Bf4 g5
21. Be5 Kg6 22. Bxf6 Kxf6 23. Nd5+ Kg7 24. Ne3 Bg6 25. Rad1 Rb8 26. Rd7 a6 27.
f4 b5 28. Bxf7 Bxf7 29. fxg5 Rf8 30. Rfxf7+ Rxf7 31. gxh6+ Kg6 32. Rxf7 Kxf7
33. g4 1-0